| Поле | Инд. | ПП | Название | Значение |
|---|---|---|---|---|
| Тип записи | a | |||
| Библиографический уровень | m | |||
| 001 | Контрольный номер | DU/622220668 | ||
| 005 | Дата корректировки | 20251218124710.1 | ||
| 020 | a | ISBN | 9785903445585 | |
| 084 | a | Индекс другой классификации/Индекс ББК | 63.3(4)4 | |
| 090 | a | Полочн. индекс | 63.3(4)4 | |
| x | Авторский знак | П 196 | ||
| 100 | 1_ | a | Автор | Пастуро М. |
| q | Полное имя | Пастуро Мишель | ||
| 245 | 10 | a | Заглавие | Символическая история европейского средневековья |
| c | Ответственность | перевод с французского Е. Решетниковой | ||
| 260 | b | Издательство | Александрия | |
| a | Место издания | Санкт-Петербург | ||
| c | Дата издания | 2019 | ||
| 300 | a | Объем | 448 с. | |
| b | Иллюстрации/ тип воспроизводства | ил. | ||
| 336 | a | Термин вида содержания | Текст | |
| 337 | a | Термин типа средства | непосредственный | |
| 504 | a | Библиография | Источ.: с. 365. - Список ил.: с. 369. - Примеч.: с. 373. - Указ. имен.: с. 453 | |
| 541 | 1_ | a | Номер заявки | 8154 |
| b | Заявитель | Боклагов Евгений Николаевич | ||
| c | Факультет/Кафедра/Подразделение | Кафедра социологии и гуманитарных наук | ||
| d | Дата заявки | 09.11.2018 | ||
| f | Дисциплина | философия, культурология | ||
| h | Уровень подготовки | Бакалавриат | ||
| n | Количество экземпляров | 2 | ||
| 650 | 04 | a | Основная рубрика | история |
| 653 | 0_ | a | Ключевые слова | бестиарий |
| a | Ключевые слова | воображаемое | ||
| a | Ключевые слова | геральдика | ||
| a | Ключевые слова | гербы | ||
| a | Ключевые слова | животные | ||
| a | Ключевые слова | иконография | ||
| a | Ключевые слова | охота | ||
| a | Ключевые слова | реальность | ||
| a | Ключевые слова | религия | ||
| a | Ключевые слова | романтизм | ||
| a | Ключевые слова | рыцарство | ||
| a | Ключевые слова | символизм | ||
| a | Ключевые слова | христианство | ||
| a | Ключевые слова | цвет | ||
| a | Ключевые слова | шахматы | ||
| a | Ключевые слова | эмблематика | ||
| 700 | 12 | a | Автор | Решетникова Е. |
| e | Роль лиц | переводчик | ||
| 720 | a | Наименование подборки | К семинарам по культурологии | |
| e | Признак/вид подборки | Тематические подборки | ||
| 900 | a | Имя электронного ресурса | obl_Pasturo_Symbolic history of the European middle ages | |
| x | Справочная информация | Обложка | ||
| 901 | t | Тип документа | m | |
| 952 | a | Тип литературы для КСУ ВШ | НАУ |